Haïkus sur des célébrités - Statistiques

Statistiques générales
  • Ce quiz a été pris 75 fois
  • Le résultat moyen est 14 sur 35
Statistiques - réponses
Hint Réponse % Correct
Joueur espagnol,Champion de la terre battue, 13 gains à Paris Rafael Nadal
88%
Prénom Isaac La gravitation c'est luiD'une pomme sur la tête Isaac Newton
82%
Écrivain français,Accusa Faure dans l'Aurore Concernant Dreyfus Émile Zola
79%
Biathlète françaisA le record national De titres aux JO Martin Fourcade
68%
Surnommé « Magic »,Basketteur américain, Joueur des Lakers Earvin Johnson Jr (Magic Johnson)
65%
Champion de F1,Hamilton bat son record (91 gains) Michael Schumacher
62%
À la coupe du monde, Footballer uruguayen Qui croque une oreille Luis Suárez
61%
Producteur déchu Son dénoncement déclenche Le mouvement Me Too Harvey Weinstein
58%
Skateur retraitéAvait des jeux à son nom Qui veut dire faucon Tony Hawk
58%
En chauffant le lait,Il élimine les microbes. Ça porte son nom Louis Pasteur
55%
Cet aristocrate Énonce que rien ne se perdMais tout se transforme Antoine Laurent de Lavoisier
53%
Un philosophe grecPrécepteur d'Alexandre
Disciple de Platon
Aristote
52%
On le surnomme roiMais l'album le plus vendu Est d'un autre roi Elvis Presley
52%
Capitaine anglais,Ballon d’or 2018 À la coupe du monde. Hary Kane
50%
Motive la nation"Nous nous battrons sur les plages" Dit-il en '40 Winston Churchill
48%
Smaug dans le Hobbit, Britannique qui joue Sherlock Tout comme Docteur Strange Benedict Cumberbatch
47%
Les bêtes au pouvoirSon analogie critique Le communisme russe George Orwell
45%
Un trio de soeurs;Currer, Ellis et Acton Sont leurs pseudonymes Les soeurs Brontë (Charlotte, Émily et Anne)
45%
Née à Trinidad,Sample de baby got back Dans Anaconda Nicki Minaj
44%
Général chinoisPour qui la guerre est un art Selon son traité (S. T.) Sun Tzu
39%
Roi aux six épouses,On lui refuse le divorce, Fonde l'anglicanisme Henry VIII
35%
Samuel Clemens, Se servit d'un pseudonyme,Créa Tom Sawyer Mark Twain
30%
Crée son propre "flop"Athlète de saut en hauteur,
Qu’il révolutionne
Richard Douglas Fosbury (Dick Fosbury)
30%
Écrit sur un hommeAu portrait qui vieillissait Les thèmes firent scandale Oscar Wilde
29%
Un dramaturge russeSi on nous montre un fusil, Faut l'utiliser Anton Tchekhov
27%
Grand rival d’Ali,Le bat en ‘71, Premier à le faire (J. F.) Joe Frazier
23%
Nageur des É-U,Vandalisa des toilettes Aux jeux de Rio. (R. L.) Ryan Lochte
23%
Quel coureur de fond!C'est la "locomotive tchèque"
Au style atypique (E. Z.)
Emil Zátopek
21%
Elle a un EGOT;Tente de cacher sa maison, A l'effet contraire (B.S.) Barbara Streisand
17%
Remporte le nobelPour Le Docteur Jivago Doit le décliner Boris Pasternak
14%
Poing levé en l’airAux JO de Mexico Avec Tommie Smith (J. C.) John Carlos
9%
Prénommé Bernard,Remporte à El Alamein Un gain décisif Bernard Montgomery
8%
Soldat de l'Union Tué lors des guerres indiennes C'était son "last stand" George Armstrong Custer
8%
Impose le savonRéduit les fièvres mortelles À l'accouchement (I. S.) Ignace Philippe Semmelweis
6%
A une très belle preuve Mais la marge est trop petiteTout comme ce poème Pierre de Fermat
3%
Aucun quiz correspondant
Distribution des résultats
% des personnes avec chaque résultat
Percentile par nombre de réponses
Votre historique - résultats
Vous n’avez pas pris ce quiz